|
|
|
|
| LEADER |
00686cam a2200193 7i4500 |
| 001 |
0000033207 |
| 005 |
20040731090000.0 |
| 020 |
# |
0 |
|a 0471272132
|
| 090 |
0 |
0 |
|a TK 454
|b T466 2004
|
| 100 |
1 |
# |
|a Thomas
|
| 245 |
1 |
4 |
|a The analysis and design of linear circuits
|c Roland E. Thomas and Albert J. Rosa.
|
| 250 |
# |
# |
|a 4th ed..
|
| 260 |
# |
# |
|a New Jersey:
|b John Wiley & Sons, Inc,
|c 2004.
|
| 300 |
# |
# |
|a 1 v. (various pagings) ::
|b ill.;
|c 27 cm..
|
| 504 |
0 |
0 |
|a Includes bibliographical references and index.
|
| 650 |
0 |
0 |
|a Electric circuit analysis.
|
| 650 |
0 |
0 |
|a Electric circuits, Linear $x Design and construction.
|
| 700 |
1 |
1 |
|a Rosa,
|h Albert J.
|
| 999 |
|
|
|a 1100023099
|b Book
|c Open Shelf
|e KOLEKSI TERBUKA
|